Histórias de um Leque Mágico (Registo nº 202149)

Detalhes MARC
000 -Etiqueta do registo
Valores 00755nam 22002413 4500
010 ## - Número ISBN
ISBN 978-989-23-5169-8
021 ## - Número do Depósito Legal
Código do país Portugal
Número 485079/21
100 ## - Dados gerais de processamento
Dados gerais 20260513d u||y0pory50 ba
200 ## - Titulo e menção de responsabilidade
Título próprio Histórias de um Leque Mágico
Primeira menção de responsabilidade Rosário Alçada Araújo
Outras menções de responsabilidade ilustrações de Carla Nazareth
205 ## - Menção da edição
Edição
210 ## - Publicação
Local de publicação Alfragide
Nome do editor Edições ASA
Data de publicação 2021
215 ## - Descrição física 
Paginação / Volumes 35, [3] p.
Outras indicações físicas encadernado
Dimensões 25 cm
225 ## - Colecção 
Título próprio da colecção Vira a página
300 ## - Notas gerais 
Texto da nota LER+ - Plano Nacional de Leitura
606 ## - Nome comum usado como assunto
ID Autoridade 22
Palavra de ordem Literatura Infantil Portuguesa
675 ## - CDU
Notação 821.134.3-93
Edição PT
Língua por
700 ## - Autor principal (pessoa individual)
ID Autoridade 1061
Apelido Araújo
Nome Rosário Alçada
Datas 1973-
702 ## - Autor secundário (pessoa individual)
ID Autoridade 1289
Apelido Nazareth
Nome Carla
Datas 1975-
801 ## - Fonte de origem
País PT
Agência BMMN
Regras de catalogação RPC
830 ## - Notas gerais do catalogador
Criado por Ana Caetano
990 ## - Elementos KOHA
Tipo de documento Livro
Exemplares
Situação do levantamento Biblioteca de origem Código de barras Cota Permissão de empréstimo Tipo de documento Forma de aquisição
  Biblioteca Escolar nº 1 31589 821.134.3-93 ARA   Livro Compra

Powered by Koha